| 000 | 01664nam0a2200325 4500 | ||
|---|---|---|---|
| 001 | RU\NLR\BIBL_A\022358846 | ||
| 005 | 20260420020133.0 | ||
| 010 |
_a978-5-907816-65-7 _9500 |
||
| 021 |
_aRU _bКН-П-24-052980 _9КН-П-24-5271 |
||
| 035 | _a(NLR Aleph) 022358846 | ||
| 090 |
_a13667894 _c13667894 |
||
| 100 | _a20241021d2024 k y0rusy50 ca | ||
| 101 | 0 | _arus | |
| 102 | _aRU | ||
| 105 | _aa z 000yy | ||
| 181 | 0 |
_ai _baxxe |
|
| 182 | 0 | _an | |
| 200 | 1 |
_aРазработка, фармако-токсикологическая оценка и эффективность применения фитоиммуномодуляторов крупному рогатому скоту _eмонография _fВ. М. Гугушвили _gМинистерство сельского хозяйства РФ, ФГБОУ ВО "Кубанский государственный аграрный университет имени И. Т. Трубилина" |
|
| 203 |
_aТекст _bвизуальный _cнепосредственный |
||
| 210 |
_aКраснодар _cКубГАУ _d2024 |
||
| 215 |
_a148 с. _cил., табл. _d20 |
||
| 320 | _aБиблиогр.: с. 119–144 (224 назв.) | ||
| 606 | 1 |
_aКрупный рогатый скот _xИммунобиологическая реактивность _xВлияние фитоиммуномодуляторов _2nlr_sh2 _3RU\NLR\AUTH\6601748195 |
|
| 686 | 1 | _aП836.325-911 | |
| 686 | 1 | _aП855.8 | |
| 700 | 1 |
_aГугушвили _bВ. М. _gВладимир Малхазиевич |
|
| 942 | _cBOOK | ||
| 980 | _aNB | ||